Statystyki dla Wszystkie polskie kluby piłkarskie na literę H

Kliknij tutaj aby rozwiązać quiz!

Ogólne statystyki

  • Ten quiz został rozwiązany 4 razy
  • Średni wynik to 3 z 73

Statystyki odpowiedzi

Odpowiedź% Poprawnych
Hutnik Kraków
75%
Halniak Maków Podhalański
25%
Hejnał Kęty
25%
Hetman Zamość
25%
Hetman Żółkiewka
25%
Huragan Morąg
25%
Huragan Pobiedziska
25%
Hutnik Szczytna
25%
Hutnik Warszawa
25%
Hajduk Kłobuczyn
0%
Halniak Miłków
0%
Halniak Zawada
0%
Hamar Górzyn
0%
Harnaś Starczówek
0%
Harnaś Tymbark
0%
Hart Tęgoborze
0%
Hejnał Krzyszkowice
0%
Heko Czermno
0%
Helena Nowy Sącz
0%
Helios Brzoza
0%
Helios Bucz
0%
Helios Czempiń
0%
Henrykowianka Henryków
0%
Herbapol Stanowice
0%
Herman Hermanowa
0%
Hermes Radłowo
0%
Hetman Białystok
0%
Hetman Byczyna
0%
Hetman Gołąb
0%
Hetman Katowice
0%
Hetman Laszki
0%
Hetman Łódź
0%
Hetman Orchowo
0%
Hetman Rusiec
0%
Hetman Śleszyn
0%
Hetman Tykocin
0%
Hetman Włoszczowa
0%
Hottur Borowice
0%
Hubertus Biały Bór
0%
Huczwa Tyszowice
0%
Huragan Basznia Dolna
0%
Huragan Bierzwnica
0%
Huragan Bodzanów
0%
Huragan Bożków
0%
Huragan Gniewczyna
0%
Huragan Hrubieszów
0%
Huragan Jasionka
0%
Huragan Jezioro
0%
Huragan Kocikowa
0%
Huragan Lipniki
0%
Huragan Lubomyśl
0%
Huragan Michorzewo
0%
Huragan Międzyrzec Podlaski
0%
Huragan Minkowice Oławskie
0%
Huragan Młynkowo
0%
Huragan Nowa Wieś Złotoryjska
0%
Huragan Nowe Polaszki
0%
Huragan Olszany
0%
Huragan Proboszczów
0%
Huragan Przodkowo
0%
Huragan Siostrzytów
0%
Huragan Swędów
0%
Huragan Wilczyce
0%
Huragan Wołomin
0%
Husaria Dzietrzychowice
0%
Husaria Grzędy
0%
Hutnik Huta Czechy
0%
Hutnik Huta Dąbrowa
0%
Hutnik Pieńsk
0%
Hutnik Ruda-Huta
0%
Hutnik Sandomierz
0%
Hutnik Szczecin
0%
Huzar Raszówka
0%

Rozkład punktacji

Percentyl według liczby udzielonych odpowiedzi

Procent ludzi z każdym wynikiem

Twoja historia wyników

Nie rozwiązałeś tego quizu